Регионална библиотека "Любен Каравелов" - Русе

Последен дневник (Запис номер 328107)

MARC детайли
000 -Лидер
Контролно поле с фиксирана дължина 01267nam a2200337 c 4500
003 - Код на организацията, давaща контролен номер
Контролно поле BLK
005 - Дата и час на последна редакция
Контролно поле 20211123143817.0
008 - Елементи от данни с фиксирана дължина
fixed length control field 180408b bul|||||r ||||||| ||bul||
010 ## - Наследен системен номер
LC control number KNG00068640000
020 ## - Международен стандартен номер на книга ISBN
Международен стандартен номер на книга ISBN 978-954-380-450-4
040 ## - Източник на каталожния запис
Идентификатор на билиотеката - собственик на записа BLK
041 ## - Код за език
Код за езика на текст/звукозапис или на отделно заглавие Български
Код за езика КДБФ Български
080 ## - УДК
Текстов определител УДК Право
УДК код - определител по УДК 34
УДК определител (497.2)(093.3)
УДК - код + определител 34(497.2)(093.3)
100 1# - Редна дума - Автор
Автор Вълканов, Велко
Авторска отговорност първи автор
Автор - информация (биография) Иванов, Велко Вълканов
R(LIN) 256613
139 ## - Редно поле
Редна дума Вълканов, Велко
Авторски знак Вълк - В 93
245 10 - Сведения за заглавието
Заглавие Последен дневник
Редно поле (дума) Велко Вълканов.
257 ## - Страна на издаване
Страна на създаване/издаване България
260 ## - Област на издателските данни
Име на издателя, разпространителя и проч. Българска книжница
Година на издаване 2018
9 (RLIN) 389576
Място на издаване, разпространение и проч. София
300 ## - Физическа характеристика
Страници 296 с.
Размери/Мащаб 20 см
380 ## - Жанр
Жанр Обществени науки
500 ## - Общи забележки
Забележка Пълното име на авт. е Велко Вълканов Иванов
650 #4 - Допълнително описание по предмет – тема
Основно описание – тема или топоним Прависти, български
9 (RLIN) 275976
653 ## - Ключова дума – ненормативна
Ключова дума право
653 ## - Ключова дума – ненормативна
Ключова дума вътрешна политика
653 ## - Ключова дума – ненормативна
Ключова дума спомени
852 ## - Местоположение
Фондова буква Заемна - подръчен фонд
Систематично-азбучна сигнатура П 34/В 93
856 4# - Електронен адрес и достъп
Електронен формат pdf - файл
856 4# - Електронен адрес и достъп
Електронен формат pdf - файл
999 ## - СИСТЕМНИ КОНТРОЛНИ НОМЕРА
Koha biblionumber 328107
Koha biblioitemnumber 328107
942 ## - АРТИКУЛИ
Вид на библиотечния материал Книги
Скрит в OPAC Не
Koha issues (borrowed), all copies 1
999 ## - СИСТЕМНИ КОНТРОЛНИ НОМЕРА
Koha biblioitemnumber 328107
999 ## - СИСТЕМНИ КОНТРОЛНИ НОМЕРА
Koha biblioitemnumber 64373
Наличности
Код за отписване Код за изгубен артикул Източник на класификационната схема Код за повреда Коз за рестрикции Код за отдаване Артикулен № Име на библиотеката - собственик Име на библиотеката, в която се намира в момента Статус (Текущо местоположение) Дата на вписване в системата Местоположение - отдел Цена в лева Систематично азбучна сигнатура Баркод Цена в евро Служебен тип на артикула
  Не е изгубен Universal Decimal Classification Не е повреден без рестрикции заемане за дома 687953 Регионална библиотека "Любен Каравелов" Русе Регионална библиотека "Любен Каравелов" Русе Заемна - подръчен фонд 2019-01-02 Заемна - подръчен фонд 5.00 П 34/В 93 120000828925 2.56 Книги
  Не е изгубен Universal Decimal Classification Не е повреден само за читалня ползва се в читалня 756526 Регионална библиотека "Любен Каравелов" Русе Регионална библиотека "Любен Каравелов" Русе Хранилище 2020-03-20 Хранилище 10.00 Цб 298974 120000843352 5.11 Книги
Vip Innovations Ltd, Rousse, Bulgaria 2025